000 00392nam a2200169Ia 4500
008 210716s2005 xx 000 0 und d
020 _a0073102296
041 _aeng
082 _a651.7 GORJ
100 _aGorham, Joan.
245 _aMass media.
250 _a12
260 _aIA
_bMcGraw Hill
_c2005
300 _axvi,221
650 _aBusiness Communication
700 _aGorham, Joan.
999 _c203099
_d203099